000 00345pab a2200157 454500
008 180718b2013 xxu||||| |||| 00| 0 eng d
100 _aMenon-Sen, Kalyani
245 _aA place in the city
260 _c2013
300 _ap.32-35.
362 _aAug
650 _aUrban development
773 _aSeminar
908 _aN
909 _a100994
999 _c100993
_d100993